000 00431nam a2200169Ia 4500
003 OSt
005 20260226154221.0
008 210210b1948 xxu||||| |||| 00| 0 eng d
040 _cAL
041 _ahin
082 _a861/6
100 _aBACHCHAN
_9158916
_dबच्चन
245 _aEkanth sangeeth:
_bएकांत संगीत
260 _aIlahabad
_bCentral Book Depot
_c1948
906 _a023027
942 _2ddc
_cBK
999 _c147914
_d147914